Sociología: las reglas del método sociológico, sociología y ciencias sociales

I tiakina i:
Ngā taipitopito rārangi puna kōrero
Kaituhi matua: Durkheim, Emile (Author)
Hōputu: Pukapuka
Reo:Pāniora
I whakaputaina: Córdoba Assandri 1961
Ngā marau:
Ngā Tūtohu: Tāpirihia he Tūtohu
Kāore He Tūtohu, Me noho koe te mea tuatahi ki te tūtohu i tēnei pūkete!

MARC

LEADER 00000nam a2200000 a 4500
001 UCR0143
003 CL-VaPUC
008 971129e19610000AG |||||||||||||||||spa|d
082 0 4 |a 301  |b DUR  |2 21 
100 0 |a Durkheim, Emile  |e author  |9 314700 
245 1 0 |a Sociología: las reglas del método sociológico, sociología y ciencias sociales 
300 |a 194 p 
942 |c BK 
945 |d 19971129 00:00:00  |a cmena 
260 |a Córdoba  |b Assandri  |c 1961 
650 0 |a Sociología   |9 255410 
650 0 |a Sociedad  |9 307903 
650 0 |a Ciencias sociales   |9 256351 
650 0 |a Métodos de investigación   |9 262618 
650 7 |a ESTRUCTURA SOCIAL  |2 CL-VaPUC  |9 395654 
650 0 |a Problemas sociales  |9 258537 
650 7 |a NORMAS SOCIALES  |2 CL-VaPUC  |9 339732 
583 |a last modification  |c 19971129 00:00:00  |k Rodrigo Vera 
999 |c 263795  |d 263793 
952 |0 0  |1 0  |4 0  |6 301_000000000000000_DUR_1961  |7 0  |8 DER_TF  |9 293267  |a BIBDER  |b BIBDER  |d 2019-11-19  |i 1907700  |o 301 DUR 1961  |p 1907700  |r 2023-01-25  |w 2019-11-19  |x Ubicación 4to Piso  |y BK  |z Estos recursos deben solicitarse con anticipación  |k DER